| 000 | 01476nam a2200409 c 4500 | ||
|---|---|---|---|
| 001 | 51612 | ||
| 003 | ES-MaCES | ||
| 005 | 20251126143020.0 | ||
| 007 | cr ||||||||||| | ||
| 008 | 201209s2020 sp f 000 | spa d | ||
| 017 |
_aNA 792-2020 _bDL |
||
| 020 | _a9788413086408 (v. I) | ||
| 020 | _a9788413086422 (electrónico, v. I) | ||
| 020 | _a9788413086439 (v. II) | ||
| 020 | _a9788413086453 (electrónico, v. II) | ||
| 040 |
_aES-MaCES _bspa _cES-MaCES |
||
| 245 | 0 | 0 |
_aLecciones de Derecho mercantil _cAurelio Menéndez, Ángel Rojo, dirs. ; [autores], Rodrigo Uría ... [et al.] |
| 250 | _a18ª ed | ||
| 260 |
_aCizur Menor (Navarra) _bCivitas-Thomson Reuters _c2020 |
||
| 300 |
_a2 v. _c24 cm |
||
| 490 | 1 | _aTratados y manuales | |
| 500 | _aPublicación en formato DÚO (papel + libro ectrónico). Disponible en formato electrónico mediante la aplicación PROVIEW | ||
| 541 | _cCompra | ||
| 650 | 4 |
_aderecho mercantil _927157 |
|
| 650 | 4 |
_aley de sociedades _929867 |
|
| 650 | 4 |
_aderecho concursal _931756 |
|
| 650 | 4 |
_aEspaña _926964 |
|
| 650 | 4 |
_amanual _929264 |
|
| 653 | 1 | 0 | _aDerecho mercantil |
| 700 | 1 |
_939780 _aMenéndez, Aurelio _edir. |
|
| 700 | 1 |
_922519 _aRojo Fernández-Río, Ángel _edir. |
|
| 700 | 1 |
_925335 _aUría, Rodrigo |
|
| 830 | 0 |
_aTratados y manuales (Civitas) _932141 |
|
| 856 | 4 |
_uhttps://legalteca.aranzadilaley.es/my-library?sponsor=82111144-IP _yLegalteca |
|
| 902 | _aLIB Libro | ||
| 942 |
_2CES _cBK _h6.0.11. |
||
| 999 |
_c51612 _d51612 |
||